My v krajině : (figura v krajině) : škola vidění - Pavlovice 1999 /

Korporativní autor: Galerie fotografie G4 (Cheb, Česko)
Další autoři: Illek, Zbyněk, 1954-
Jazyk: Čeština
Vydáno: [Cheb] : Galerie 4, 1999
Témata:
Fyzický popis: [9] s. : il. (některé barev.) ; 30 cm
Knihy
Uloženo v:
LEADER 01389nam a2200385 a 4500
001 000463899
003 CZ BrMZK
005 20210127092504.0
007 ta
008 000115s1999 xr e c 0 cze d
015 |a cnb000816799 
020 |a 80-238-5284-1  |q (v knize neuvedeno ;  |q brož.) 
035 |a (OCoLC)45022606 
040 |a BOA001  |b cze 
043 |a e-xr--- 
045 |a x-x- 
072 7 |a 72/76  |x Výtvarné umění  |2 Konspekt  |9 21 
080 |a 72/76(437.3)  |2 MRF 
080 |a 77.04  |2 MRF 
080 |a 7.036/.038  |2 MRF 
080 |a (437.3)  |2 MRF 
080 |a (083.824)  |2 MRF 
245 0 0 |a My v krajině :  |b (figura v krajině) : škola vidění - Pavlovice 1999 /  |c [text Zbyněk Illek]. 
260 |a [Cheb] :  |b Galerie 4,  |c 1999 
300 |a [9] s. :  |b il. (některé barev.) ;  |c 30 cm 
648 7 |a 20. století  |7 ch460558  |2 czenas 
650 0 7 |a české výtvarné umění  |7 ph116865  |y 20. století  |2 czenas 
650 0 7 |a umělecká fotografie  |7 ph126879  |z Česko  |y 20. století  |2 czenas 
650 0 7 |a moderní umění  |7 ph115340  |z Česko  |2 czenas 
655 7 |a katalogy výstav  |7 fd132536  |2 czenas 
700 1 |a Illek, Zbyněk,  |d 1954-  |7 jn19990216075  |4 aut 
710 2 |a Galerie fotografie G4 (Cheb, Česko)  |7 pna2005259431 
910 |a BOA001  |b 4-1069.095 
990 |a BK 
996 6 |b 2610108363  |c 4-1069.095  |l MZK  |r Sklad / do 1 hodiny  |n 3  |p p.v.  |w 000463899  |u 000010  |a 1  |e BOA001  |j MZK50  |s P